|
|
|
|
| LEADER |
00000naa a2200000uu 4500 |
| 001 |
vtls010945659 |
| 003 |
SK-MaSNL |
| 005 |
20260302121919.0 |
| 008 |
210902|1997 xo |||||||||||||||||eng| |
| 015 |
|
|
|a SNBRA
|
| 035 |
|
|
|a (urnnbn)urn:nbn:sk:snk:ar-a0bffc
|
| 035 |
|
|
|a (uuid)c86661ec-cdb4-4a6c-84ad-5378b11b8599
|
| 035 |
|
|
|a urn:nbn:sk:snk-aau7lr
|
| 040 |
|
|
|a SNKBUCL
|b slo
|c SNKBUCL
|e AACR2
|
| 041 |
0 |
|
|a eng
|
| 044 |
|
|
|a xo
|c SK
|
| 100 |
1 |
|
|a Grujić, M.
|4 aut
|9 783831
|
| 245 |
1 |
0 |
|a DETERMINATION OF LIMIT LENGTHS IN THE APPLICATION OF RUBBER BELT CONVEYORS WITH FABRIC PLIES
|c M. Grujić, M. Grujić, R. Nedeljković
|
| 700 |
1 |
|
|a Grujić, M.
|4 aut
|9 783831
|
| 700 |
1 |
|
|a Nedeljković, R.
|4 aut
|9 783834
|
| 773 |
0 |
|
|t Slovak Rubber Conference '97
|d Žilina : Wettrans, 1997
|g S. 254-260
|z 8085418304
|
| 958 |
|
|
|a OND
|
| 958 |
|
|
|a article11
|
| 958 |
|
|
|a chapter
|
| 999 |
|
|
|c 1275729
|d 1277659
|